Harry Potter Cast by Character #2 - Statistics

General Stats
  • This quiz has been taken 647 times
    645 since last reset
  • The average score is 7 of 20
Answer Stats
Hint Answer % Correct
Albus Dumbledore (2) Michael Gambon
76%
Albus Dumbledore (1) Richard Harris
70%
Filius Flitwick Warwick Davis
63%
Luna Lovegood Evanna Lynch
57%
Lucius Malfoy Jason Isaacs
50%
Nearly Headless Nick John Cleese
43%
Alastor Moody Brendan Gleeson
42%
Peter Pettigrew Timothy Spall
42%
Mr. Ollivander John Hurt
37%
Horace Slughorn Jim Broadbent
31%
Fleur Delacour Clémence Poésy
29%
Petunia Dursley Fiona Shaw
28%
Rufus Scrimgeour Bill Nighy
27%
Argus Filch David Bradley
24%
Narcissa Malfoy Helen McCrory
24%
Seamus Finnigan Devon Murray
23%
Rolanda Hooch Zoë Wanamaker
19%
Pomona Sprout Miriam Margoyles
15%
Percy Weasley Chris Rankin
10%
Viktor Krum Stanislav Ianevski
6%
No matching quizzes found
Score Distribution
Percent of People with Each Score
Percentile by Number Answered
Your Score History
You have not taken this quiz since the last reset